000 00442nam a22001817a 4500
003 koha_MIRAKIL
005 20231213095409.0
008 231213b |||||||| |||| 00| 0 ||| d
020 _b9-75406172-6
040 _aTR-IsEVY
_btur
_cTR-IsEVY
082 _a833.912 KAF/B
100 _aKAFKA, FRANZ.
245 0 _aBİR SAVAŞIN TASVİRİ.
260 _bCEM YAYINEVİ,
_c2004
300 _a334.
650 _aTürk Tarihi.
942 _2ddc
_cBK
999 _c2946
_d2946